00532nam a2200181 a 4500001001300000003000900013005001700022008004100039020002600080082001700106100001600123245006400139260004300203300000900246500003500255505002400290650003600314nice12345678IN_TiNIC20260116013055.0050524s1991 lona grp 000 0 eng  a0415830 c961.2600a181.403bURM aUrmson, J O aConcise Encyclopedia of Western Philosophy and Philosophers aLondon bRoutledge Chapman Hall c1991 a331p aincludes index and biblioraphy2 aSelect Bibliography aPhilosophy-Western Encyclopedia